Introducción al estudio del derecho

Պահպանված է:
Մատենագիտական մանրամասներ
Հիմնական հեղինակ: Recaséns Siches, Luis (Հեղինակ)
Ձևաչափ: Գիրք
Լեզու:իսպաներեն
Հրապարակվել է: Ciudad de México Porrúa 1985
Հրատարակություն:7a. ed
Խորագրեր:
Ցուցիչներ: Ավելացրեք ցուցիչ
Չկան պիտակներ, Եղեք առաջինը, ով նշում է այս գրառումը!

MARC

LEADER 00000nam a2200000 a 4500
001 UCV1529
003 CL-VaPUC
008 900809e19850000MX |||||||||||||||||spa|d
082 0 4 |a 340.11  |b REC  |2 21 
100 0 |a Recaséns Siches, Luis  |e author  |9 295804 
245 1 0 |a Introducción al estudio del derecho 
250 |a 7a. ed 
300 |a 360 p 
942 |c BK 
945 |d 19900809 00:00:00 
260 |a Ciudad de México  |b Porrúa  |c 1985 
650 7 |a INTERPRETACION DEL DERECHO  |2 CL-VaPUC  |9 295805 
650 0 |a Derecho natural   |9 255041 
650 7 |a DERECHO Y ESTADO  |2 CL-VaPUC  |9 256588 
650 0 |a Justicia   |9 255408 
583 |a last modification  |c 20161003 01:04:15  |k Rodrigo Vera 
999 |c 209467  |d 209465 
952 |0 0  |1 0  |4 0  |6 340_110000000000000_REC_1985  |7 0  |8 DER_TF  |9 184877  |a BIBDER  |b BIBDER  |d 2019-11-14  |i 2521989  |o 340.11 REC 1985  |p 2521989  |r 2023-01-25  |w 2019-11-14  |x Ubicación 4to Piso  |y BK  |z Estos recursos deben solicitarse con anticipación  |k DER